000 00555nam a2200193Ia 4500
003 GCL
008 140319s9999 xx 000 0 eng d
040 _aGCL /
_cGCL
082 0 4 _a681.2
_bD I
100 1 _aDALLY, JAN (DAPTOR)
245 1 0 _aINSTRUMENTATION FOR ENGINEERING MEASUREMENTS, 2nd ed /
_cDALLY, JAN (DAPTOR)
700 1 _aDALLY, JANES W.
700 1 _aRILEY, WILLIAM F.
700 1 _aMCCONELI, KENNETH
260 _a[S.N] :
_bJOHN WILEY AND SONS. INC ،
_c1993
300 _a584 P
650 0 4 _aENGINEERING INSTRUMENTS
942 _2ddc
_cBK
999 _c18076
_d18076